1193 1533 1010 1363 1943 1035 1590 1388 1694 1552 1106 1288 1458 1258 1311 1789 1397 1255 1900 1662 1473 1245 1836 1680 1452 1457 1615 1871 1357 1494 1219 1173 1604 1024 1046 1346 1383 1584 1224 1748 1496 1234 1951 1182 1233 1977 1959 1069 1579 1066 1780 1145 1003 1381 1994 1904 1334 1600 1243 1592 1459 1930 1719 1981 1091 1923 1459 1034 1797 1691 1545 1280 1734 1162 1663 1452 1323 1540 1380 1338 1567 1343 1328 1490 1793 1916 1777 1216 1075 1486 1133 1862 1320 1497 1922 1171 1095 1516 1892 BCNSPRNW ULIB Ver.6.0+V

เปลี่ยนเป็นภาษาไทย

Change to English
 แสดงรายละเอียดบรรณานุกรม
  กลับหน้าหลัก

Brief Record : Get Marc (ISO 2709) : E-mail record : QR code < ปิดหน้าต่าง
LEADER : 00000nam 2200000uu 4500
001    13399125683
003     ULIB
008    170716s2558||||th 000 0 tha d
020    ^a9786163447166
060  0 ^aWB890^bจ285ศ
100 0  ^aจันทิมา น่วมศรีนวล
245 00 ^aศาสตร์ทางเลือกฟื้นฟูสุขภาพด้วยตนเอง /^cจันทิมา น่วมศรีนวล
260    ^aกรุงเทพฯ : ^bคลื่นอักษร,^c2558
300    ^a160 หน้า ;^c21 ซม.
650  0 ^aสุขภาพ^xแพทย์ทางเลือก
945    ^p150^l0^i25255
999    ^aกัณชพร จุลอักษร
รายการนี้ยังไม่มีแท็ก
คุณยังไม่ได้ล็อกอิน คุณสามารถมีกิจกรรมร่วมกับเว็บไซต์ได้ แต่ต้องล็อกอินก่อน ::
  ล็อกอิน

รายการสื่อสารสนเทศ

ลำดับที่ ประเภท เลขเรียก/บาร์โค้ด สถานที่ สถานะ
1. วิทยาศาสตร์การแพทย์ และสุขภาพ
วิทยาศาสตร์การแพทย์ และสุขภาพ
WB890 จ285ศ ฉ.1 
  Barcode: 25255
ห้องสมุดวิทยาเขตนครสวรรค์
►ส่วนจัดเก็บหนังสือเก่า นว.
บนชั้น
  ขอยืม

รายการใกล้เคียง
    ผู้แต่ง [จันทิมา น่วมศรีนวล]

BibComment


ยังไม่เคยถูกคอมเมนท์

คอมเมนท์ทรัพยากรรายการนี้
  คอมเมนท์: ศาสตร์ทางเลือกฟื..


 Copyright 2026. Bcnsprnw @Library